| 000 | 00791nam a22002417a 4500 | ||
|---|---|---|---|
| 001 | BR8702647 | ||
| 003 | BR-BrBNA | ||
| 005 | 20230928092520.0 | ||
| 007 | ta | ||
| 008 | 230509b bl.||||| |||| 00| 0 por d | ||
| 040 |
_aBR-BrBNA _bpor _cBiblioteca Nacional de Agricultura |
||
| 041 | _a(Por) | ||
| 072 | _aF70 | ||
| 090 | _ F70 BR8702647 | ||
| 110 | 1 |
_aUniversidade Federal de Vicosa, MG (Brasil). Depto. de Biologia Vegetal _910977 |
|
| 245 | 1 | _aChaves analiticas (classificacao de familias)[taxonomia vegetal] | |
| 260 | 3 |
_aVicosa, MG (Brasil): _c1981. |
|
| 300 | _a42 p. | ||
| 500 | _a(*) Documento disponível no(a) Universidade Federal de Vicosa, MG (Brazil). Depto. de Biologia Vegetal | ||
| 650 | _aTAXONOMIA VEGETAL | ||
| 909 |
_a202309 _bLucia _c55 _dLucia Elande |
||
| 942 | _cBK | ||
| 999 |
_c39544 _d39544 |
||